Sándwich y Bocadillo - ¡Muerte Súbita! - Estadísticas

Estadísticas generales
  • Esta prueba ha sido intentada 56 veces
  • La puntuación promedio es 6 de 16
Answers on the Grid
Answers color-coded by a green-red scale on the quiz's grid according to % correct below.
BLT
Flying fish cutters
Choripán
Yakisoba-pan
Risotto
Gazpacho
Minestrone
Laksa
Serranito
Grilled cheese
Croque-monsieur
Bocata de calamares
Khao jee pâté
Bandeja paisa
Butter tart
Tartiflette
Chipa guasu
Pan bagnat
Kottenbutter
Bifana
Or lam
Lobio
Waterblommetjie bredie
Tourtière
Katsu-sando
Philly cheesesteak
Pastrami on rye
Hot chicken de Québec
 
Estadísticas de respuestas
Respuesta % Correcto
Choripán
82%
Serranito
80%
Bocata de calamares
73%
Grilled cheese
49%
Pan bagnat
44%
Pastrami on rye
40%
Yakisoba-pan
33%
Hot chicken de Québec
29%
Philly cheesesteak
27%
Croque-monsieur
24%
BLT
20%
Bifana
18%
Katsu-sando
13%
Khao jee pâté
13%
Kottenbutter
13%
Flying fish cutters
9%
No se encontraron pruebas coincidentes
Distribución de puntuación
Porcentaje de gente con cada puntuación
Porcentaje por número respondido
Historial de tus puntuaciones
No has intentado esta prueba.